After ambassadors, before dukes/ (Record no. 11073)

MARC details
000 -LEADER
fixed length control field 00674 a2200205 4500
010 ## - LIBRARY OF CONGRESS CONTROL NUMBER
LC control number ENG-89638
020 ## - INTERNATIONAL STANDARD BOOK NUMBER
International Standard Book Number 8181574966
Terms of availability 500.00
035 ## - SYSTEM CONTROL NUMBER
System control number EN-73171
037 ## - SOURCE OF ACQUISITION
Source of stock number/acquisition DBAD / PUB
082 14 - DEWEY DECIMAL CLASSIFICATION NUMBER
Classification number 808.88
090 ## - LOCALLY ASSIGNED LC-TYPE CALL NUMBER (OCLC); LOCAL CALL NUMBER (OCLC)
-- 11382
-- 11382
100 1# - MAIN ENTRY--PERSONAL NAME
Personal name Swamy, K.R.N.
245 1# - TITLE STATEMENT
Title After ambassadors, before dukes/
Statement of responsibility, etc by K.R.N. Swamy
260 ## - PUBLICATION, DISTRIBUTION, ETC. (IMPRINT)
Place of publication, distribution, etc Kolkata
Name of publisher, distributor, etc Writers Workshop
Date of publication, distribution, etc 2006
270 ## - ADDRESS
Address 162/92, Lake Gardens,
City Kolkatta
Postal code 700 045
300 ## - PHYSICAL DESCRIPTION
Extent 267p.:
Dimensions 22 cm ( Hb.)
Other physical details b&w, col.photos
490 ## - SERIES STATEMENT
Series statement A Writers Workshop greybird book
942 ## - ADDED ENTRY ELEMENTS (KOHA)
Institution code [OBSOLETE] dpl
Koha item type English Books
Call number prefix 808.88 / SWA
Holdings
Withdrawn status Lost status Source of classification or shelving scheme Damaged status Not for loan Collection code Home library Current library Source of acquisition Cost, normal purchase price Total Checkouts Full call number Barcode Date last seen Copy number Uniform Resource Identifier Cost, replacement price Price effective from Koha item type
    Dewey Decimal Classification   Not For Loan Non-fiction D.B.Act.Division D.B.Act.Division DBAD/PUB 500.00   808.88 EN-73171 15/09/2008 1 12177 500.00 15/09/2008 English Books

© Delhi Public Library
Hit Counter
free hit counter